000 01077cam a2200265 i 4500
003 SA-RiAUC
005 20250922133752.0
008 250921s1986 su g 00010bara c
040 _aSA-JeALM
_bara
_cSA-RiAUC
_erda
082 0 4 _a239.9
090 _a239.9
_bم غ ر
100 1 _aمغربي، محمد علي عبد الواحد،
_d1333-1417 هجري
_eمؤلف.
245 1 0 _aعلي بن أبي طالب والحسن بن علي /
_cمحمد علي مغربي.
250 _aالطبعة الأولى.
264 1 _aجدة، السعودية :
_bمحمد علي مغربي،
_bدار العلم.
_c1986
300 _a545 صفحة ؛
_c24 سم
336 _aنص
_btxt
_2rdacontent
_3كتاب
337 _aبدون وسيط
_bn
_2rdamedia
490 _aأعلام الصحابة .
_v4
600 0 7 _aعلي بن أبي طالب بن عبد المطلب الهاشمي،
_d23 قبل الهجرة-40 هجري
_2aucnm
650 7 _aالخلفاء الراشدون
_2aucsh
942 _2ddc
_cBOOK
_n0
949 _aSA-JeALM
_d250921
_uosman123
_n1
999 _c12020
_d12020